Plants Vs Zombies Garden Warfare 2 Quiz - Statistics

General Stats
  • This quiz has been taken 467 times
  • The average score is 4 of 24
Answer Stats
Hint Answer % Correct
Leader of the Plants Crazy Dave
98%
Leader of the Zombies Doctor Zomboss
28%
Robot designed after plant leader Dave-bot 3000
21%
Orange plant agent Agent Citron
18%
Yellow plant agent Agent Corn
18%
Red plant agent Agent Rose
18%
Map of park with different dimensions Time Park
18%
Map that is a small island with rocks and bones Boney Island
17%
Egypt-based map with pyramids and sandstorms Sandy Sands
13%
Map of factory that produces z mechs Z Tech Factory
13%
Other robot designed by plant leader Dave-bot 3000.1
12%
Map of a strange "frontline flat" Frontline Flats
12%
Map of aquarium area Aqua Center
11%
Map of snowy cabin area Frosty Creek
10%
Map of a space area with refill stations Lunar Landing
10%
Imp mech that gives quests Z-Mech
8%
Zombie that tries to help you find Zomboss' lab Dr. Patient
7%
Super Brainz zombie that gives quests Super Duper Brainz
7%
Pirate zombie that gives quests Ol' Deadbeard
4%
Doctor in Zomboss' lab Dr. Fizzician
3%
Plant boss Hypnoflower
3%
Zombie boss Captain Smasher
2%
Map that is asian-styled and is very "zen" Zen Peaks
2%
Rome-based map with a historical area for watching gory fights The Colizeum
1%
No matching quizzes found
Score Distribution
Percent of People with Each Score
Percentile by Number Answered
Your Score History
You have not taken this quiz